000 00688nam a2200229 i 4500
001 175890
003 ES-MaACL
005 20250811105830.0
007 t|
008 101129s1928 fr ||||1| fre d
080 _a929 Manet, Edouard
100 1 _aFlament, Albert.
_951103
245 1 3 _aLa vie de Manet /
_cAlbert Flament.
260 _aParis :
_bPlon,
_ccop. 1928.
300 _a336 p. , [1] h. ;
_c19 cm.
490 1 _aLe roman des grandes existences ;
_v18
546 _aTexto en francés.
600 1 4 _aManet, Édouard,
_d1832-1883
_975991
830 0 _aLe roman des grandes existences ;
_v18
_9183871
852 _aES-MaACL
_jE-13708
999 _c175890
_d175890